Bakchias II : rapporto preliminare della campagna di scavo del 1994 /

محفوظ في:

مؤلف مشترك: Missione archeologica delle Universita degli studi di Bologna e di Lecce nel Fayyum.

مؤلفون آخرون: Pernigotti, Sergio., Capasso, Mario.

التنسيق: كتاب

اللغة: Italian

منشور في: Pisa : Giardini, [1995]

سلاسل: Monografie di SEAP. Series maior ; 2.

الموضوعات:

الوسوم: إضافة وسم

لا توجد وسوم, كن أول من يضع وسما على هذه التسجيلة!

رقم الطلب: DT73.B3 B35 v.2

LEADER 01206cam a2200313 a 4500
001 ocm34807060
003 OCoLC
005 20240111122343.0
008 960520s1995 it ab b 000 0 ita
010 |a  96150455  
043 |a f-ua--- 
050 0 0 |a DT73.B3  |b B35 v.2 
245 0 0 |a Bakchias II :  |b rapporto preliminare della campagna di scavo del 1994 /  |c a cura di Sergio Pernigotti, Mario Capasso. 
246 3 0 |a Bakchias 2o 
264 1 |a Pisa :  |b Giardini,  |c [1995] 
300 |a 179 pages :  |b illustrations (some color), maps ;  |c 31 cm. 
336 |a text  |b txt  |2 rdacontent 
337 |a unmediated  |b n  |2 rdamedia 
338 |a volume  |b nc  |2 rdacarrier 
490 1 |a Monografie di SEAP. Series maior ;  |v 2 
500 |a At head of title: Missione congiunta delle Universita di Bologna e di Lecce in Egitto. 
504 |a Includes bibliographical references. 
651 0 |a Bacchias (Extinct city) 
650 0 |a Excavations (Archaeology)  |z Egypt  |z Bacchias (Extinct city) 
700 1 |a Pernigotti, Sergio. 
700 1 |a Capasso, Mario. 
710 2 |a Missione archeologica delle Universita degli studi di Bologna e di Lecce nel Fayyum. 
830 0 |a Monografie di SEAP.  |p Series maior ;  |v 2. 
999 |c 55398  |d 55398